All 50 US State Capitals - Multiple Choice - Statistics

General Stats
  • This quiz has been taken 1,016 times
  • The average score is 41 of 50
Answer Stats
Question Answer % Correct
Hawaii Honolulu
94%
Arkansas Little Rock
93%
Idaho Boise
92%
Arizona Phoenix
92%
Indiana Indianapolis
91%
Utah Salt Lake City
90%
Colorado Denver
89%
Alabama Montgomery
88%
Georgia Atlanta
87%
Massachusetts Boston
87%
Iowa Des Moines
87%
Connecticut Hartford
87%
Mississippi Jackson
87%
California Sacramento
87%
Florida Tallahassee
87%
Virginia Richmond
86%
New York Albany
85%
Montana Helena
85%
Alaska Juneau
85%
Rhode Island Providence
85%
New Hampshire Concord
84%
Texas Austin
83%
North Dakota Bismarck
83%
Delaware Dover
83%
Nebraska Lincoln
83%
Illinois Springfield
83%
Maine Augusta
82%
Louisiana Baton Rouge
82%
Vermont Montpelier
80%
Washington Olympia
80%
West Virginia Charleston
79%
Ohio Columbus
79%
Maryland Annapolis
78%
Wyoming Cheyenne
78%
Wisconsin Madison
78%
Kansas Topeka
78%
Nevada Carson City
77%
Oklahoma Oklahoma City
77%
North Carolina Raleigh
77%
New Mexico Santa Fe
77%
New Jersey Trenton
77%
South Dakota Pierre
76%
Kentucky Frankfort
74%
Tennessee Nashville
74%
Pennsylvania Harrisburg
73%
Michigan Lansing
72%
Minnesota St. Paul
71%
Oregon Salem
70%
Missouri Jefferson City
69%
South Carolina Columbia
60%
No matching quizzes found
Score Distribution
Percent of People with Each Score
Percentile by Number Answered
Your Score History
You have not taken this quiz